The world of learning / (Record no. 133794)

MARC details
000 -LEADER
campo de control de longitud fija 00572nam a2200181 i 4500
001 - NÚMERO DE CONTROL
campo de control 133794
003 - IDENTIFICADOR DE NÚMERO DE CONTROL
campo de control ES-MaACL
005 - FECHA Y HORA DE LA ÚLTIMA TRANSACCIÓN
campo de control 20250828023700.0
007 - CAMPO FIJO DE DESCRIPCIÓN FÍSICA--INFORMACIÓN GENERAL
campo de control de longitud fija t|
008 - DATOS DE LONGITUD FIJA--INFORMACIÓN GENERAL
campo de control de longitud fija 070829s1947 xxk ||||1| eng d
245 04 - MENCIÓN DEL TÍTULO
Título The world of learning /
Mención de responsabilidad, etc. with an introduction by Dr. Gilbert Murray.
260 ## - PUBLICACIÓN, DISTRIBUCIÓN, ETC.
Lugar de publicación, distribución, etc. London :
Nombre del editor, distribuidor, etc. Europa Publications,
Fecha de publicación, distribución, etc. 1947 (
Lugar de fabricación/manufactura Rochester :
Fabricante Stanhope Press Limited)
300 ## - DESCRIPCIÓN FÍSICA
Extensión 520 p. ;
Dimensiones 26 cm.
650 14 - PUNTO DE ACCESO ADICIONAL DE MATERIA--TÉRMINO DE MATERIA
Término de materia o nombre geográfico como elemento de entrada Educación-
Subdivisión de forma Directorios
9 (RLIN) 12077
700 1# - ENTRADA AGREGADA--NOMBRE PERSONAL
Nombre de persona Murray, Gilbert.
9 (RLIN) 84636
852 ## - LOCALIZACIÓN
Ubicación ES-MaACL
Número de control de estantería C-4274
Sublocalización o colección R.24065
Holdings
Estatus retirado Estado de pérdida Estado de daño No para préstamo Biblioteca de origen Biblioteca actual Ubicación en estantería Fecha de adquisición Fuente de adquisición Total de préstamos Signatura topográfica completa Código de barras Visto por última vez Precio de reemplazo Tipo de ítem Koha
        Biblioteca del Ateneo de Madrid Biblioteca del Ateneo de Madrid Sala Palomar 17/01/2008     C-4274 1139276 23/02/2023 23/02/2023 Libro impreso